| 000 | 00676nam a2200205 4500 | ||
|---|---|---|---|
| 001 | 121390 | ||
| 003 | ES-MaACL | ||
| 005 | 20230906191739.0 | ||
| 007 | t| | ||
| 008 | 070214s1951 sp r ||||1| spa d | ||
| 100 | 1 |
_aPla Cargol, Joaquín. _992486 |
|
| 245 | 1 | 0 |
_aGerona arqueológica y monumental / _cJoaquín Pla Cargol. |
| 250 | _a4ª ed. considerablemente ampliada. | ||
| 260 |
_aGerona [etc.] : _bDalmáu Carles, _c1951. |
||
| 300 |
_a368 p. ; _c25 cm. |
||
| 490 | 1 | _aBiblioteca gerundense de estudios e investigaciones | |
| 830 | 0 |
_aBiblioteca gerundense de estudios e investigaciones _9186505 |
|
| 852 |
_aES-MaACL _jD-7234 _bR.32400 |
||
| 999 |
_c121390 _d121390 |
||